000 01025nam a2200397 a 4500
003 AR-BaBNM
005 20251128205807.0
008 082120s2002 ||||||||||||||000 | spa||
020 _a950-550-210-9
040 _cAR-BaBNM
100 1 _aFurter, Pierre
245 0 0 _aEducación y vida
260 _aBuenos Aires
_bMagisterio del Río de la Plata
_c1996
300 _a160 p.
_bgráfs.
490 0 _aRespuestas Educativas
504 _aBibliografía citada: p. 141-155
610 2 4 _aUnesco
650 4 _aVALORES
650 4 _aHUMANISMO
650 4 _aEDUCACION PERMANENTE
650 4 _aCRISIS DE LA EDUCACION
650 4 _aPLANIFICACION
650 4 _aVIDA
650 4 _aAMOR
650 4 _aCREATIVIDAD
650 4 _aTOLERANCIA
650 4 _aCOOPERACION
650 4 _aSOLIDARIDAD
650 4 _aEDUCACION
700 1 _aTombesi, Silvia
_erevisión
700 1 _aValle, Pablo
_erevisión
700 1 _aAnder-Egg, Ezequiel
_eprologuista
710 2 _aEquipo ICSA
942 _cBK
998 _carturo
999 _c12831
_d12831